[Event "Remote S7E Starter-55 email"]
[Site "Remote email"]
[Date "2014.05.06"]
[Round "?"]
[White "Tiedemann, Joern"]
[Black "Kahl, Karl Heinz"]
[Result "1/2-1/2"]
[WhiteElo "1980"]
[BlackElo "2194"]
[PlyCount "66"]
[EventDate "2014.??.??"]
[EventType "tourn (corr)"]
[EventRounds "6"]
[EventCountry "GER"]
[SourceTitle "Corr 2015"]
[Source "ChessBase"]
[SourceDate "2015.07.17"]
[SourceVersion "1"]
[SourceVersionDate "2015.07.17"]
[SourceQuality "1"]

1. b4 e5 2. b5 Nf6 3. Bb2 d6 4. e3 Be7 5. Bd3 0-0 6. Ne2 a6 7. a4 Nbd7 8. Nbc3 Nc5 9. 0-0 d5 10. Ng3 Nxd3 11. cxd3 axb5 12. axb5 Rxa1 13. Qxa1 d4 14. Nce2 Qd5 15. exd4 exd4 16. Nxd4 Bd6 17. Re1 Re8 18. b6 Rxe1+ 19. Qxe1 cxb6 20. Nc2 Qe6 21. Ne4 Nxe4 22. dxe4 Qc4 23. Bc3 Qa4 24. e5 Bc5 25. Ne3 Bd7 26. Qa1 b5 27. d4 Qxa1+ 28. Bxa1 Ba3 29. d5 b4 30. Bd4 b3 31. Nc4 Bc1 32. g3 b5 33. Nb2 Bf5 1/2-1/2

[Event "Remote S7E Basic-75 email"]
[Site "Remote email"]
[Date "2014.04.11"]
[Round "?"]
[White "Biskopp, Wolf Ulrich"]
[Black "Tiedemann, Joern"]
[Result "1-0"]
[WhiteElo "2532"]
[BlackElo "2024"]
[PlyCount "41"]
[EventDate "2014.??.??"]
[EventType "tourn (corr)"]
[EventRounds "6"]
[EventCountry "GER"]
[SourceTitle "Corr 2015"]
[Source "ChessBase"]
[SourceDate "2015.07.17"]
[SourceVersion "1"]
[SourceVersionDate "2015.07.17"]
[SourceQuality "1"]

1. d4 d5 2. c4 Nf6 3. cxd5 Nxd5 4. e4 Nf6 5. e5 Bg4 6. f3 Bxf3 7. Nxf3 Nd5 8. Ng5 e6 9. Bb5+ c6 10. 0-0 f6 11. Nxe6 Qb6 12. Bd3 Be7 13. Nxg7+ Kd8 14. Ne6+ Kc8 15. Nc3 Nd7 16. Nxd5 cxd5 17. exf6 Bb4 18. Qc2+ Kb8 19. Bf4+ Bd6 20. Bxd6+ Qxd6 21. Rac1 1-0

[Event "Remote S7E Basic-75 email"]
[Site "Remote email"]
[Date "2014.04.11"]
[Round "?"]
[White "Tiedemann, Joern"]
[Black "Gottsmann, Lothar"]
[Result "0-1"]
[WhiteElo "2024"]
[BlackElo "1994"]
[PlyCount "38"]
[EventDate "2014.??.??"]
[EventType "tourn (corr)"]
[EventRounds "6"]
[EventCountry "GER"]
[SourceTitle "Corr 2015"]
[Source "ChessBase"]
[SourceDate "2015.07.17"]
[SourceVersion "1"]
[SourceVersionDate "2015.07.17"]
[SourceQuality "1"]

1. b4 d5 2. b5 e5 3. Bb2 Nd7 4. e3 Bd6 5. d3 Ngf6 6. Nf3 0-0 7. d4 Qe7 8. Be2 a6 9. Nc3 c6 10. dxe5 Nxe5 11. b6 Nxf3+ 12. Bxf3 Be5 13. 0-0 Qb4 14. Nxd5 Qxb2 15. Nc7 Rb8 16. Nd5 cxd5 17. Rc1 Qxb6 18. Bxd5 Rd8 19. c4 Nxd5 0-1

[Event "Remote S7E Starter email"]
[Site "Remote email"]
[Date "2013.06.24"]
[Round "?"]
[White "Strahlberger, Michael"]
[Black "Tiedemann, Joern"]
[Result "1-0"]
[WhiteElo "2092"]
[BlackElo "2125"]
[PlyCount "45"]
[EventDate "2013.??.??"]
[EventType "tourn (corr)"]
[EventRounds "6"]
[EventCountry "GER"]
[SourceTitle "Corr 2015"]
[Source "ChessBase"]
[SourceDate "2015.07.17"]
[SourceVersion "1"]
[SourceVersionDate "2015.07.17"]
[SourceQuality "1"]

1. c4 e5 2. g3 Nf6 3. Bg2 Bc5 4. e3 d5 5. cxd5 Nxd5 6. Ne2 Nc6 7. 0-0 0-0 8. d4 Bb6 9. dxe5 Ndb4 10. Qa4 Qe7 11. Bd2 Bf5 12. Bxb4 Nxb4 13. Bxb7 Rab8 14. Bg2 c5 15. Nec3 Qxe5 16. Na3 Qe6 17. Rfd1 Bg4 18. Rd2 Rfd8 19. Nd5 Qd6 20. Nc4 Qe6 21. Ncxb6 axb6 22. Nf4 Rxd2 23. Nxe6 1-0

[Event "Remote S7E Starter-45 email"]
[Site "Remote email"]
[Date "2013.05.16"]
[Round "?"]
[White "Mantau, Jan"]
[Black "Tiedemann, Joern"]
[Result "0-1"]
[WhiteElo "2007"]
[BlackElo "2134"]
[PlyCount "28"]
[EventDate "2013.??.??"]
[EventType "tourn (corr)"]
[EventRounds "6"]
[EventCountry "GER"]
[SourceTitle "Corr 2015"]
[Source "ChessBase"]
[SourceDate "2015.07.17"]
[SourceVersion "1"]
[SourceVersionDate "2015.07.17"]
[SourceQuality "1"]

1. e4 e5 2. Nf3 Nc6 3. Bc4 Nf6 4. d4 exd4 5. e5 Ng4 6. Bf4 d6 7. exd6 Bxd6 8. Qe2+ Kf8 9. Bxd6+ Qxd6 10. Nbd2 Bf5 11. 0-0-0 Nb4 12. Ne1 Qc6 13. Kb1 Re8 14. Qf3 Qxf3 0-1

[Event "Remote S7E Starter-44 email"]
[Site "Remote email"]
[Date "2013.03.28"]
[Round "?"]
[White "Hahner, Anton"]
[Black "Tiedemann, Joern"]
[Result "1-0"]
[WhiteElo "2151"]
[BlackElo "2121"]
[PlyCount "37"]
[EventDate "2013.??.??"]
[EventType "tourn (corr)"]
[EventRounds "6"]
[EventCountry "GER"]
[SourceTitle "Corr 2015"]
[Source "ChessBase"]
[SourceDate "2015.07.17"]
[SourceVersion "1"]
[SourceVersionDate "2015.07.17"]
[SourceQuality "1"]

1. Nf3 d5 2. d4 Nf6 3. c4 e6 4. Nc3 c5 5. cxd5 Nxd5 6. e4 Nxc3 7. bxc3 cxd4 8. cxd4 Nc6 9. Be2 f5 10. exf5 exf5 11. 0-0 Be6 12. Re1 Be7 13. Bb5 Bd5 14. Bg5 Be4 15. Bxe7 Qxe7 16. d5 a6 17. Bd3 Nd8 18. Bxe4 fxe4 19. d6 1-0

[Event "Remote Random-145 email"]
[Site "Remote email"]
[Date "2012.10.05"]
[Round "?"]
[White "Buchmann, Hans Peter"]
[Black "Tiedemann, Joern"]
[Result "1-0"]
[WhiteElo "2216"]
[BlackElo "2097"]
[PlyCount "47"]
[EventDate "2012.??.??"]
[EventType "tourn (corr)"]
[EventRounds "6"]
[EventCountry "GER"]
[SourceTitle "Corr 2015"]
[Source "ChessBase"]
[SourceDate "2015.07.17"]
[SourceVersion "1"]
[SourceVersionDate "2015.07.17"]
[SourceQuality "1"]

1. e4 b6 2. d4 Bb7 3. Bd3 e6 4. Nc3 Nf6 5. Nge2 d5 6. exd5 exd5 7. 0-0 Be7 8. Ng3 Nc6 9. Nf5 0-0 10. Re1 Re8 11. Qf3 Kh8 12. Bf4 Bb4 13. Bg5 Re6 14. Qf4 Bxc3 15. bxc3 Qd7 16. Rxe6 Qxe6 17. Qxc7 Ne4 18. Bxe4 dxe4 19. Nd6 Na5 20. Nxb7 Rc8 21. d5 Rxc7 22. dxe6 Rxb7 23. e7 Rb8 24. Rd1 1-0

[Event "Remote Random-145 email"]
[Site "Remote email"]
[Date "2012.10.05"]
[Round "?"]
[White "Pieleck, Rudolf"]
[Black "Tiedemann, Joern"]
[Result "0-1"]
[WhiteElo "1661"]
[BlackElo "2097"]
[PlyCount "100"]
[EventDate "2012.??.??"]
[EventType "tourn (corr)"]
[EventRounds "6"]
[EventCountry "GER"]
[SourceTitle "Corr 2015"]
[Source "ChessBase"]
[SourceDate "2015.07.17"]
[SourceVersion "1"]
[SourceVersionDate "2015.07.17"]
[SourceQuality "1"]

1. e4 b6 2. d4 Bb7 3. Nc3 e6 4. Nf3 Nf6 5. Bg5 h6 6. Bxf6 Qxf6 7. Be2 Nc6 8. e5 Qf4 9. 0-0 0-0-0 10. g3 Qf5 11. Nh4 Qh3 12. Bf3 Nxd4 13. Bxb7+ Kxb7 14. Qxd4 g5 15. Ng2 Qf5 16. Ne3 Qf3 17. Qe4+ Qxe4 18. Nxe4 d6 19. exd6 cxd6 20. Rad1 d5 21. Nf6 Bg7 22. Neg4 Rdf8 23. b3 h5 24. Nd7 hxg4 25. Nxf8 Rxf8 26. Rfe1 b5 27. Kg2 Bc3 28. Re3 b4 29. f3 gxf3+ 30. Rxf3 g4 31. Rf4 f5 32. Rff1 Rh8 33. Rd3 Rh5 34. Re3 e5 35. a3 d4 36. Rxe5 bxa3 37. Re7+ Kb6 38. Re6+ Kb5 39. Re5+ Kb4 40. Re7 a6 41. Ra7 Rh6 42. Rb7+ Kc5 43. b4+ Kc6 44. Rf7 Rh5 45. Rf6+ Kb5 46. Rf8 a2 47. Rb8+ Kc4 48. b5 a5 49. b6 Rh7 50. b7 Kb4 0-1

[Event "Remote Random-145 email"]
[Site "Remote email"]
[Date "2012.10.05"]
[Round "?"]
[White "Tiedemann, Joern"]
[Black "Buchmann, Hans Peter"]
[Result "1/2-1/2"]
[WhiteElo "2097"]
[BlackElo "2216"]
[PlyCount "66"]
[EventDate "2012.??.??"]
[EventType "tourn (corr)"]
[EventRounds "6"]
[EventCountry "GER"]
[SourceTitle "Corr 2015"]
[Source "ChessBase"]
[SourceDate "2015.07.17"]
[SourceVersion "1"]
[SourceVersionDate "2015.07.17"]
[SourceQuality "1"]

1. e4 b6 2. d4 Bb7 3. Nc3 Nf6 4. Nf3 Nxe4 5. Nxe4 Bxe4 6. Bd3 Bxd3 7. Qxd3 e6 8. 0-0 Qf6 9. Rd1 Qg6 10. Qe2 Bd6 11. c4 0-0 12. Nh4 Qf6 13. Qh5 h6 14. Nf3 Nc6 15. Be3 Rfe8 16. Rac1 e5 17. d5 Nb4 18. a3 e4 19. Bd4 Qg6 20. Qxg6 fxg6 21. axb4 exf3 22. c5 Bf8 23. gxf3 Rec8 24. Ra1 bxc5 25. bxc5 Be7 26. Ra6 Kf7 27. Rda1 d6 28. Rxa7 Rxa7 29. Rxa7 dxc5 30. Be5 Rd8 31. Rxc7 Rxd5 32. Bxg7 h5 33. Bc3 Ke6 1/2-1/2

[Event "Remote Random-145 email"]
[Site "Remote email"]
[Date "2012.10.05"]
[Round "?"]
[White "Tiedemann, Joern"]
[Black "Witt, Monika"]
[Result "1-0"]
[WhiteElo "2097"]
[BlackElo "1454"]
[PlyCount "49"]
[EventDate "2012.??.??"]
[EventType "tourn (corr)"]
[EventRounds "6"]
[EventCountry "GER"]
[SourceTitle "Corr 2015"]
[Source "ChessBase"]
[SourceDate "2015.07.17"]
[SourceVersion "1"]
[SourceVersionDate "2015.07.17"]
[SourceQuality "1"]

1. e4 b6 2. d4 Bb7 3. Nc3 Nf6 4. e5 Ng8 5. Qh5 e6 6. Bg5 Be7 7. Nf3 Bxg5 8. Nxg5 g6 9. Qg4 Nh6 10. Qf4 Qe7 11. Nb5 d6 12. exd6 Qd7 13. dxc7 0-0 14. cxb8B Nf5 15. Bd6 Qxb5 16. Bxb5 Rfd8 17. Nxe6 Bxg2 18. Nxd8 Rxd8 19. Bc7 Rxd4 20. Qg5 Bxh1 21. Qf6 Re4+ 22. Kd2 Rd4+ 23. Bd3 Be4 24. Be5 Bxd3 25. Qh8# 1-0

[Event "Remote S7E Basic-57 email"]
[Site "Remote email"]
[Date "2012.08.18"]
[Round "?"]
[White "Nackas, Hans Juergen"]
[Black "Tiedemann, Joern"]
[Result "1/2-1/2"]
[WhiteElo "2044"]
[BlackElo "2105"]
[PlyCount "71"]
[EventDate "2012.??.??"]
[EventType "tourn (corr)"]
[EventRounds "6"]
[EventCountry "GER"]
[SourceTitle "Corr 2015"]
[Source "ChessBase"]
[SourceDate "2015.07.17"]
[SourceVersion "1"]
[SourceVersionDate "2015.07.17"]
[SourceQuality "1"]

1. d4 d5 2. Nf3 Nc6 3. e3 Nf6 4. Bb5 Qd6 5. h3 a6 6. Bxc6+ Qxc6 7. Ne5 Qb6 8. Nc3 e6 9. 0-0 Be7 10. Na4 Qd6 11. c4 0-0 12. c5 Qd8 13. c6 b5 14. Nc3 b4 15. Ne2 a5 16. a3 Ba6 17. f3 Qd6 18. g4 Rfd8 19. Bd2 Rab8 20. axb4 Ne8 21. bxa5 f6 22. Nd7 Rxb2 23. Rc1 Bxe2 24. Qxe2 Qg3+ 25. Kh1 Bb4 26. Rcd1 Nd6 27. Qf2 Qxh3+ 28. Kg1 Bxd2 29. Rxd2 Rxd2 30. Qxd2 Nc4 31. Qf2 Nxa5 32. Nc5 Rd6 33. Ra1 Nxc6 34. Nb7 Rd7 35. Ra8+ Kf7 36. Ra2 1/2-1/2

[Event "Remote S7E Basic-57 email"]
[Site "Remote email"]
[Date "2012.08.18"]
[Round "?"]
[White "Tiedemann, Joern"]
[Black "Hauswald, Frank"]
[Result "1/2-1/2"]
[WhiteElo "2105"]
[BlackElo "2088"]
[PlyCount "47"]
[EventDate "2012.??.??"]
[EventType "tourn (corr)"]
[EventRounds "6"]
[EventCountry "GER"]
[SourceTitle "Corr 2015"]
[Source "ChessBase"]
[SourceDate "2015.07.17"]
[SourceVersion "1"]
[SourceVersionDate "2015.07.17"]
[SourceQuality "1"]

1. b4 e5 2. b5 d5 3. Bb2 Bd6 4. e3 Nf6 5. d4 e4 6. c4 c6 7. c5 Bc7 8. Qa4 Ba5+ 9. Bc3 Bxc3+ 10. Nxc3 Bd7 11. Rb1 b6 12. cxb6 Qxb6 13. Qb4 a5 14. Qd6 Qd8 15. b6 a4 16. a3 Bg4 17. Qc7 Qxc7 18. bxc7 Nbd7 19. Ba6 0-0 20. Bb7 Rac8 21. Bxc8 Rxc8 22. Rb7 Ne8 23. f3 exf3 24. gxf3 1/2-1/2

[Event "Remote S7E Basic-57 email"]
[Site "Remote email"]
[Date "2012.08.18"]
[Round "?"]
[White "Tiedemann, Joern"]
[Black "Maier, Ralf"]
[Result "1-0"]
[WhiteElo "2105"]
[BlackElo "1944"]
[PlyCount "39"]
[EventDate "2012.??.??"]
[EventType "tourn (corr)"]
[EventRounds "6"]
[EventCountry "GER"]
[SourceTitle "Corr 2015"]
[Source "ChessBase"]
[SourceDate "2015.07.17"]
[SourceVersion "1"]
[SourceVersionDate "2015.07.17"]
[SourceQuality "1"]

1. b4 Nf6 2. b5 e6 3. e3 d5 4. Bb2 a6 5. f4 axb5 6. Bxb5+ c6 7. Be2 Bd6 8. Nc3 e5 9. fxe5 Bxe5 10. Nf3 Nbd7 11. d4 Bd6 12. 0-0 0-0 13. Bd3 b6 14. e4 dxe4 15. Nxe4 Be7 16. Ne5 Nxe5 17. dxe5 Nd5 18. Qh5 g6 19. Qh6 Be6 20. Nf6+ 1-0

[Event "Remote S7E Basic-57 email"]
[Site "Remote email"]
[Date "2012.08.18"]
[Round "?"]
[White "Tiedemann, Joern"]
[Black "Neumann, Andreas"]
[Result "0-1"]
[WhiteElo "2105"]
[BlackElo "2040"]
[PlyCount "48"]
[EventDate "2012.??.??"]
[EventType "tourn (corr)"]
[EventRounds "6"]
[EventCountry "GER"]
[SourceTitle "Corr 2015"]
[Source "ChessBase"]
[SourceDate "2015.07.17"]
[SourceVersion "1"]
[SourceVersionDate "2015.07.17"]
[SourceQuality "1"]

1. b4 e6 2. b5 a6 3. e4 axb5 4. Bxb5 Qg5 5. Bf1 Nf6 6. d4 Qa5+ 7. Bd2 Qb6 8. Nc3 Bb4 9. Rb1 Qxd4 10. Nge2 Qc5 11. Rxb4 Qxb4 12. Nd5 Qd6 13. Bb4 c5 14. Nxf6+ Ke7 15. Qxd6+ Kxd6 16. Bc3 gxf6 17. Bxf6 Rg8 18. Nc3 Kc7 19. Nb5+ Kc6 20. Bc4 d5 21. exd5+ exd5 22. Bd3 Nd7 23. Bb2 Rxa2 24. Bc3 d4 0-1